IMPACT STRENGTH AND FAILURE ANALYSIS OF WELDED DAMASCUS STEEL

Podrobná bibliografia
Hlavní autori: Mintách, Rastislav (Autor), Nový, František, 1972- (Autor), Bokůvka, Otakar, 1945- (Autor), Chalupová, Mária (Autor)
Médium: Článok
Jazyk:angličtina

MARC

LEADER 00000nab a2200000 a 4500
001 vtls011122686
003 SK-MaSNL
005 20260303205539.0
008 230222|2012 xo |||||||||||||||||eng|
015 |a SNBRB 
035 |a (uuid)f9f5f8d2-c56f-4357-a0db-9a3ac2e1fd49 
035 |a (urnnbn)urn:nbn:sk:snk:ar-a08x5g 
035 |a urn:nbn:sk:snk-ab9uob 
040 |a SNKBUCL  |b slo  |c SNKBUCL  |e AACR2 
041 0 |a eng 
044 |a xo  |c SK 
100 1 |a Mintách, Rastislav  |4 aut  |9 1180012 
245 1 0 |a IMPACT STRENGTH AND FAILURE ANALYSIS OF WELDED DAMASCUS STEEL  |c Rastislav Mintách, František Nový, Otakar Bokůvka, Mária Chalupová 
700 1 |a Nový, František,  |d 1972-  |4 aut  |9 196691 
700 1 |a Bokůvka, Otakar,  |d 1945-  |4 aut  |9 196729 
700 1 |a Chalupová, Mária  |4 aut  |9 9219 
773 0 |t Materiálové inžinierstvo  |g Roč. 19, č. 1 (2012), s. 22-28 
958 |a OND 
958 |a EUIPO 
958 |a article13 
999 |c 2195883  |d 2197813